| 000 | 00732nam a2200193 a 4500 | ||
|---|---|---|---|
| 005 | 20210219160128.0 | ||
| 008 | 080811s1981 mx r 000 0 spa d | ||
| 035 | _aUPN01000159184 | ||
| 049 | _aUNE | ||
| 080 | _a37 (53) =20 1979-80 SUM. | ||
| 245 | 0 | 0 | _aA Summary report on education United Arab Emirates in 1979-80. |
| 260 |
_aUnited Arab Emirates : _bMinistry of Education, _c1981. |
||
| 300 |
_a18 p. : _bfot. |
||
| 500 | _aReporte presentado en la 38a. Reunión de la Conferencia Internacional de Educación, Ginebra : 1981 | ||
| 690 | _aEducacion - Emiratos Arabes Unidos | ||
| 690 | _aDesarrollo de la educacion - Emiratos Arabes Unidos | ||
| 710 | 1 |
_aEmiratos Arabes Unidos. _bMinistry of Education |
|
| 905 | _aUNESCO | ||
| 999 |
_c131298 _d131298 |
||